LEADER 02337nam0 2200445 i 450 001 BVEE066647 005 20170908093233.0 012 $a**** *-** ***- **** (3) 1531 (A)$2fei 100 $a20120601d1531 ||||0itac50 ba 101 | $agre 102 $afr 181 1$6z01$ai $bxxxe 182 1$6z01$an 200 1 $a˜Grēgoriou Nazanzēnou tou theologoi œKata Ioulianou basileōs stēliteutikos prōtos. Gregorii Nazanzeni, theologi, in Iulianum imperatorem inuectiua prior 210 $aParisiis$cexcudebat Christianus Wechelus, sub scuto Basiliensi, in uico Iacobaeo$d1531 215 $a74, °2! p.$d4º 300 $aMarca (S596) sul front 300 $aGr. ; rom 300 $aSegn.: A-H⁴ I⁶ 300 $aIniziali xil. 316 $a1 esemplare. - Timbro ovale BUS sul verso del front. e in fine.$5IT-NA0070, Z.B. 0174 620 $dParigi$3TO0L002626 700 0$aGregorius : Nazianzenus$c $3CFIV011383$4070$0172537 712 02$aWechel, Chrétien$3BVEV017231$4650 790 0$aGregorio : Nazianzeno$c $3CFIV014227$zGregorius : Nazianzenus 790 0$aGrégoire : de Nazianze$c $3CFIV080809$zGregorius : Nazianzenus 790 0$aGregorio : di Nazianzo$c $3CFIV164340$zGregorius : Nazianzenus 790 0$aGregorius : Nazanzenus$3CFIV287610$zGregorius : Nazianzenus 790 0$aGregorius : Nazianenus$f $3PALV055078$zGregorius : Nazianzenus 791 02$a˜sub œPegaso$3BVEV038949$zWechel, Chrétien 791 02$aWechel, Chrestien$3CFIV315561$zWechel, Chrétien 791 02$a˜sub œscuto Basiliensi$3UBOV129984$zWechel, Chrétien 801 3$aIT$bIT-NA0079$c20120601 850 $aIT-NA0070 912 $aBVEE066647 921 $aPUVM000039$bAlbero su cui è appollaiato un pettirosso che ne respinge un altro in volo. Su un nastro il motto: Unicum arbustum non alit duos erythacos.$cS596$cR1111$dSul front. 950 0$aBiblioteca Universitaria$b1 esemplare$d BUZ.B. 0174$e BUSI 0000235845 B 1 esemplare. - Timbro ovale BUS sul verso del front. e in fine.$fZ $h20120601$i20120601 977 $a BU 996 $aKata Ioulianou basileōs stēliteutikos prōtos. Gregorii Nazanzeni, theologi, in Iulianum imperatorem inuectiua prior$91482559 997 $aUNISANNIO